000
00322nam a2200133Ia 4500
008
200103s9999||||xx |||||||||||||| ||und||
040
_a
IMU-MPC
082
_a
Column-30
100
_a
Richmond, A. J.
245
0
_a
Problems in Heat Engines
260
_b
Edward Arnold & Co., London
_c
1957
300
_a
xi, 272
942
_c
BK
999
_c
7344
_d
7344